000 00605nam a2200157 i 4500
001 183854
003 ES-MaACL
005 20230906222003.0
008 141029s1894 sp |||| | spa d
110 2 _aAsociación de Escritores y Artistas Españoles.
_91585
245 1 0 _aMemoria de los actos y tareas de la Asociación de Escritores y Artistas Españoles durante el año 1893.
260 _aMadrid :
_b[s.n.],
_c1894 (
_fImp. y Fundición de Manuel Tello)
300 _a78 p. ;
_c22 cm.
610 2 4 _aAsociación de Escritores y Artistas Españoles-
_vMemorias.
_9144968
852 _aES-MaACL
_jT-741-F-1
999 _c183854
_d183854